TV to Movie Matching Quiz Stats

 Plays Quiz Updated Apr 4, 2015

Also try: Finish the TV Show
Challenge
Share
Tweet
Score 0/35 Timer 08:00
7 Plays Today
% Correct
I Am Legend
92.3%
Paul Blart: Mall Cop
83.3%
Evan Almighty
81.3%
Edward Scissorhands
75.6%
Hook
75.1%
American Beauty
74.7%
Back to the Future
74.3%
13 Going on 30
67.4%
Garden State
65.6%
(500) Days of Summer
64.9%
The Sixth Sense
62.6%
Michael Clayton
62.3%
The Heat
61.5%
Grease
60.1%
As Good As It Gets
59%
A Fish Called Wanda
58.7%
127 Hours
58.3%
Bedknobs and Broomsticks
57.2%
% Correct
The Truman Show
55.9%
Frozen
55.3%
Romeo + Juliet
54.3%
Interstellar
53.4%
Ghost Dad
51.2%
Scream
51.1%
Norma Rae
49.8%
The Grudge
48.7%
Jupiter Ascending
48.2%
Hot Rod
44.5%
Unforgiven
44%
The Hunt for Red October
43.4%
The Emperor's New Groove
41.1%
The Incredibles
37.6%
Scary Movie 4
37.6%
Double Indemnity
26.3%
Pieces of April
24.4%

You're not logged in!

Compare scores with friends on all Sporcle quizzes.
Join for Free
OR
Log In

You Might Also Like...

Show Comments

Extras

Top Quizzes Today


Score Distribution

Your Account Isn't Verified!

In order to create a playlist on Sporcle, you need to verify the email address you used during registration. Go to your Sporcle Settings to finish the process.

Report this User

Report this user for behavior that violates our Community Guidelines.

Details: